Brazil - Campeões Brasileiros - Statistics

General Stats
  • This quiz has been taken 1,389 times
  • The average score is 24 of 42
Answer Stats
Year Team % Correct
2012 Fluminense
94%
2011 Corinthians
91%
2009 Flamengo
89%
2008 São Paulo
88%
2007 São Paulo
88%
2006 São Paulo
87%
2010 Fluminense
85%
2005 Corinthians
82%
2003 Cruzeiro
79%
2004 Santos
78%
2002 Santos
76%
2000 Vasco
73%
1999 Corinthians
70%
2001 Atlético Paranaense
67%
1998 Corinthians
61%
1995 Botafogo
60%
1994 Palmeiras
60%
1997 Vasco
60%
1996 Grêmio
58%
1993 Palmeiras
56%
1992 Flamengo
54%
1971 Atlético Mineiro
53%
1987 Sport
52%
1990 Corinthians
51%
1991 São Paulo
51%
1982 Flamengo
45%
1983 Flamengo
44%
1989 Vasco
43%
1980 Flamengo
42%
1988 Bahia
41%
1979 Internacional
41%
1985 Coritiba
39%
1981 Grêmio
38%
1976 Internacional
38%
1975 Internacional
37%
1986 São Paulo
37%
1972 Palmeiras
36%
1973 Palmeiras
35%
1984 Fluminense
34%
1977 São Paulo
34%
1974 Vasco
31%
1978 Guarani
30%
No matching quizzes found
Score Distribution
Percent of People with Each Score
Percentile by Number Answered
Your Score History
You have not taken this quiz